Aktivizujúce vyučovacie metódy v ekonomickom vzdelávaní

Enregistré dans:
Détails bibliographiques
Auteur principal: Orbánová, Darina
Collectivité auteur: Ekonomická univerzita v Bratislave. Národohospodárska fakulta
Autres auteurs: Kompoltová, Soňa, Kontšek, Ján
Format: Livre
Langue:slovaque
Publié: Bratislava Vydavateľstvo EKONÓM 2014
Édition:2. preprac. vyd.
Sujets:
Tags: Ajouter un tag
Pas de tags, Soyez le premier à ajouter un tag!

MARC

LEADER 00000nam$a2200000$$$4500
001 0182649
005 20240502073126.7
020 |a 978-80-225-3819-0 
041 0 |a slo 
044 |a SK 
245 1 0 |a Aktivizujúce vyučovacie metódy v ekonomickom vzdelávaní  |c Darina Orbánová ; recenzenti Soňa Kompoltová, Ján Kontšek 
250 |a 2. preprac. vyd. 
264 1 |a Bratislava  |b Vydavateľstvo EKONÓM  |c 2014 
300 |a 105 s. [6,08 AH] 
610 2 0 |a vyučovanie 
610 2 0 |a vzdelávanie 
610 2 0 |a ekonómia 
610 2 0 |a didaktika 
100 1 |a Orbánová, Darina 
700 1 |a Kompoltová, Soňa 
700 1 |a Kontšek, Ján 
710 2 |a Ekonomická univerzita v Bratislave. Národohospodárska fakulta